[Event "Winter Pro-Am U1800"]
[Site "Guelph CAN"]
[Date "2008.02.03"]
[Round "5"]
[White "Bellomo, Joe"]
[Black "Lee, Mei Chen"]
[Result "1-0"]
[WhiteElo "1723"]
[BlackElo "1613"]
[PlyCount "79"]
[GameId "2160767910442379"]
[EventDate "2008.02.02"]
[EventType "swiss"]
[EventRounds "5"]
[EventCountry "CAN"]

1. e4 d6 2. d4 Nf6 3. Nc3 g6 4. Nf3 Bg7 5. Be2 O-O 6. O-O c5 7. d5 Bd7 8. Re1 Be8 9. h3 Nbd7 10. Be3 a6 11. Qc1 b5 12. Bh6 b4 13. Bxg7 Kxg7 14. Nd1 Nxe4 15. Bxa6 Nxf2 16. Nxf2 Rxa6 17. Ng4 Rh8 18. Qh6+ Kg8 19. h4 Nf6 20. Nxf6+ exf6 21. Re4 Bd7 22. Rae1 Qf8 23. Qe3 Kg7 24. Re7 Qd8 25. Qf4 Re8 26. Rxe8 Bxe8 27. Qe4 Bb5 28. g4 Rxa2 29. b3 Ra8 30. g5 Ra7 31. Kf2 Ra8 32. Qf4 Ra7 33. Qe3 Ra8 34. Qf4 Qb6 35. gxf6+ Kh8 36. Qh6 c4+ 37. Kg3 Qg1+ 38. Rxg1 Rg8 39. Ng5 cxb3 40. Nxf7# 1-0